Schaum's outline of fluid mechanics and hydralics (Record no. 15421)

MARC details
000 -LEADER
fixed length control field 00589nam a2200205Ia 4500
003 - CONTROL NUMBER IDENTIFIER
control field IN-BaIIA
008 - FIXED-LENGTH DATA ELEMENTS--GENERAL INFORMATION
fixed length control field 211028s9999 xx 000 0 eng d
020 ## - INTERNATIONAL STANDARD BOOK NUMBER
International Standard Book Number 0-07-023316-0
040 ## - CATALOGING SOURCE
Transcribing agency IIA Library
080 ## - UNIVERSAL DECIMAL CLASSIFICATION NUMBER
Universal Decimal Classification number 621
Item number GIL
100 ## - MAIN ENTRY--PERSONAL NAME
Personal name Giles, R. V.
9 (RLIN) 28478
245 #0 - TITLE STATEMENT
Title Schaum's outline of fluid mechanics and hydralics
Statement of responsibility, etc. R. V. Giles
250 ## - EDITION STATEMENT
Edition statement 3rd ed.
260 ## - PUBLICATION, DISTRIBUTION, ETC.
Place of publication, distribution, etc. New York
Name of publisher, distributor, etc. McGraw-Hill
Date of publication, distribution, etc. 1994
300 ## - PHYSICAL DESCRIPTION
Extent xiii; 362p.
490 ## - SERIES STATEMENT
Series statement Schaum's Outline Series
650 ## - SUBJECT ADDED ENTRY--TOPICAL TERM
Topical term or geographic name entry element Fluid Mechanics
9 (RLIN) 1513
650 ## - SUBJECT ADDED ENTRY--TOPICAL TERM
Topical term or geographic name entry element Hydraulics
9 (RLIN) 28479
942 ## - ADDED ENTRY ELEMENTS (KOHA)
Koha item type Books
Holdings
Withdrawn status Lost status Damaged status Not for loan Home library Current library Shelving location Date acquired Source of acquisition Cost, normal purchase price Total Checkouts Full call number Barcode Date last seen Cost, replacement price Price effective from Koha item type Purchase Price
        IIA Library-Bangalore IIA Library-Hosakote General Stacks 11/09/2003 ANJ 350.25   621/ GIL 16343 05/11/2021 350.25 11/09/2003 Books Rs. 350.25

Powered by Koha